Market-led agrarian reform: critical perspectives on neoliberal land policies and the rural poor (Record no. 418083)

000 -LEADER
fixed length control field 00528cam a22001577a 4500
008 - FIXED-LENGTH DATA ELEMENTS--GENERAL INFORMATION
fixed length control field 180718b2008 xxu||||| |||| 00| 0 eng d
020 ## - INTERNATIONAL STANDARD BOOK NUMBER
International Standard Book Number 9780415464734
082 ## - DEWEY DECIMAL CLASSIFICATION NUMBER
Classification number Y15 B645
245 ## - TITLE STATEMENT
Title Market-led agrarian reform: critical perspectives on neoliberal land policies and the rural poor
Statement of responsibility, etc. edited by Saturnino M. Borras, Cristobal Kay and Edward Lahiff
260 ## - PUBLICATION, DISTRIBUTION, ETC.
Place of publication, distribution, etc. Oxon
Name of publisher, distributor, etc. Routledge
Date of publication, distribution, etc. 2008
300 ## - PHYSICAL DESCRIPTION
Extent 213p.
650 ## - SUBJECT ADDED ENTRY--TOPICAL TERM
Topical term or geographic name entry element Land reform
700 ## - ADDED ENTRY--PERSONAL NAME
Personal name Lahiff, Edward
700 ## - ADDED ENTRY--PERSONAL NAME
Personal name Kay, Cristobal
700 ## - ADDED ENTRY--PERSONAL NAME
Personal name Borras, Saturnino M.
Holdings
Withdrawn status Lost status Damaged status Not for loan Permanent Location Current Location Date acquired Full call number Barcode Date last seen Price effective from Koha item type
        Indian Institute of Public Administration Indian Institute of Public Administration 2009-05-26 Y15 B645 83171 2018-07-21 2018-07-21 Book

Powered by Koha